000 00251nam a22001097a 4500
008 160518b xxu||||| |||| 00| 0 eng d
020 _a0072837055
041 _aeng
080 _a572
245 _aAnthropology:
_cConrad Phillip Kottak;
942 _2udc
_cBK
999 _c2172
_d2172